000
00304nam a2200121Ia 4500
008
191201s2009 xx 000 0 und d
100
_a
SAHNI, Rahul
245
0
_a
Microprocessors and Interfacing
260
_a
N. Delhi
_b
Ishan Publications
_c
2009
300
_a
416
650
_a
B.Tech(CSE)
942
_2
ddc
_c
BK
999
_c
125
_d
125